Mediastinoscopía modificada con óptica de toracoscopía para el estadiaje invasivo del cáncer de pulmón no microcítico en un hospital de Lima, Perú (Registro nro. 22524)

000 -Cabecera
Campo de control interno 01905nam a2200241 4500
001 - Número de control
control field ESSALUD
007 - Tipo material - Descripcion fisica - info general
Tipo material - Descripcion fisica - info general ta
008 - Elementos de Longitud Fija - Información General
Elementos de Longitud Fija - Información t2026 pe ||||| |||| 00| 0 spa d
040 ## - Origen de la Catalogación
Origen de la Catalogación BMG
041 ## - Idioma
Idioma spa
100 ## - Autor
Autor Pérez Cuello, Mónica
Rol del Autor autor
9 (RLIN) 52705
245 ## - Titulo
Titulo Mediastinoscopía modificada con óptica de toracoscopía para el estadiaje invasivo del cáncer de pulmón no microcítico en un hospital de Lima, Perú
300 ## - Páginas
Paginación páginas 58-62
520 ## - Resumen
Resumen En centros donde no se dispone de videomediastinoscopia (VAM) ni ultrasonido endobronquial (EBUS), la cirugía es esencial para el diagnóstico y estadiaje de Cáncer de pulmón no microcítico (CPNM). Experiencia inicial con mediastinoscopia modificada con óptica de toracoscopia (MMOT) y sus resultados en el estadiaje invasivo del CPNM. Se reporta una serie de seis casos con diagnóstico de CPNM estadio clínico IIb- IIIb sometidos a MMOT en el Hospital Nacional Guillermo Almenara Irigoyen (HNGAI) entre marzo y junio del 2025. Se describe la técnica quirúrgica, características clínicas, hallazgos quirúrgicos y resultados inmediatos. La técnica permitió un adecuado acceso y visualización de las estaciones ganglionares 2R , 4R, 4L y 7 en todos los casos sin registrarse complicaciones en el postoperatorio. Conclusión: la MMOT es una alternativa segura y factible para estadiaje invasivo del mediastino en CPNM en centros sin acceso a VAM o EBUS.
650 ## - Temas - Descriptores
Temas - Descriptores MEDIASTINOSCOPÍA
9 (RLIN) 52706
650 ## - Temas - Descriptores
Temas - Descriptores CARCINOMA DE PULMÓN DE CÉLULAS NO PEQUEÑAS
9 (RLIN) 34582
650 ## - Temas - Descriptores
Temas - Descriptores ESTADIFICACIÓN DE NEOPLASIAS
9 (RLIN) 36613
650 ## - Temas - Descriptores
Temas - Descriptores NEOPLASIAS PULMONARES
9 (RLIN) 11731
700 ## - Autor Personal
Autor Personal Palacios León, José
Rol del autor autor
9 (RLIN) 52707
700 ## - Autor Personal
Autor Personal Taipe Mallqui, Ricardo Luis
Rol del autor autor
9 (RLIN) 52708
773 0# - Revista (Relacion con el numero)
Host Biblionumber 22497
Host Itemnumber 22595
Ciudad, Editorial Lima : IETSI
Codigo barras item/ejemplar CITES01
Titulo de la Revista Ciencia y Tecnología aplicada a la Salud Pública
Número de control de registro ESSALUD
ISSN 3119-7981
942 ## - Elementos de Koha
Tipo de Documento Artículos
Fecha procesamiento 2026-06-11
Catalogador AFC

No hay ítems disponibles.